00503nam a2200193Ia 4500003000400000005001700004008004100021020001800062040000800080041001200088082001700100100001700117245006300134260003800197300002800235365000800263650001500271650002300286OSt20250711184027.0210423s2009 xx 000 0 und d a9781405178969 cA L aEnglish a070.4 bLANP aLoup Langton aPhotojournalism and todays newsb: creating visual reality aNew DelhibWiley- Blackwellc2009 axiv,250p.bPBc23x15cm. cINR aJournalism aJournalism & Media